| 000 | 00377 a2200145 4500 | ||
|---|---|---|---|
| 001 | 167395 | ||
| 020 | _a | ||
| 040 | _cMagnum | ||
| 100 | _aGregoire, Jacques | ||
| 240 | 1 | 0 |
_aAvaliando as aprendizagens: os aportes da psicologia cognitiva _lpor |
| 245 | 1 | 0 | _aAvaliando as aprendizagens: os aportes da psicologia cognitiva |
| 362 | 0 | _a1899 | |
| 697 | _aENSINO | ||
| 942 | _cBK | ||
| 999 |
_c167395 _d167395 |
||